000
00310nam a22001337a 4500
008
170314b xxu||||| |||| 00| 0 eng d
020
_a
9780791409343
041
_a
eng
080
_a
591
100
_a
7
101
_a
shm
245
_a
THE ANIMAL R IGHTS/ ENVIRONMENTAL ETHICS
_c
HARGROVE, E.C
942
_2
udc
_c
BK
999
_c
7761
_d
7761